000 00901nam a2200253Ia 4500
003 OSt
005 20221005113141.0
006 a|||||r|||| 00| 0
007 ta
008 221004b |||||||| |||| 00| 0 pan d
020 _a9788182992191 (hbk)
_cINR 225.00
024 _a32310
037 _b794, 06/03/2017, H.K. Prakashan
_cTextual
040 _aCRL
_cCRL
_bpan
041 _2pan
_apan
082 _aO153,1NDAx, Q6
100 _aਦਲਾਲ, ਗੁਰਦਿਆਲ, ਂਚ.
245 0 _aਮਨ ਮਸਤਕ ਦੀ ਲੀਲਾ੍ਹ
260 _aਨਵੀ੍ਵ
_bਦਿੱਲੀ ਆਰਸੀ ਪਬਲਿFਰਗ਼ ਭਾਰਤ
_c2016
300 _a120ਪ੍ਰ0
_ccm.
650 _a ਪੰਜਾਬੀ ਕਾਵਿ
942 _hO153,1NDAx, Q6
_cTEXL
_2cc
999 _c1027202
_d1027202